Edith Bernstorff et al Beiträge zur Geschichte der Vorschulerziehung : Volk und Wissen Verlag. Berlin 1960 : [könyvismertetés] /

Elmentve itt :
Bibliográfiai részletek
Szerző: Hanzó Lajos
További közreműködők: Bernstorff Edith
Dokumentumtípus: Cikk
Megjelent: 1962
Sorozat:Magyar pedagógia : a Magyar Tudományos Akadémia Pedagógiai Bizottságának folyóirata 62 No. 1
Kulcsszavak:Óvodapedagógia története könyvismertetés, Neveléstörténet, Népoktatás története
Online Access:http://misc.bibl.u-szeged.hu/11863
LEADER 00858nab a2200193 i 4500
001 misc11863
005 20191106141645.0
008 170607s1962 hu o 0|| hun d
022 |a 0025-0260 
040 |a SZTE Miscellanea Repozitórium  |b hun 
041 |a hun 
100 1 |a Hanzó Lajos 
245 1 0 |a Edith Bernstorff et al  |h [elektronikus dokumentum] :  |b Beiträge zur Geschichte der Vorschulerziehung : Volk und Wissen Verlag. Berlin 1960 : [könyvismertetés] /  |c  Hanzó Lajos 
260 |c 1962 
300 |a 118-120 
490 0 |a Magyar pedagógia : a Magyar Tudományos Akadémia Pedagógiai Bizottságának folyóirata  |v 62 No. 1 
695 |a Óvodapedagógia története könyvismertetés, Neveléstörténet, Népoktatás története 
700 0 1 |a Bernstorff Edith 
856 4 0 |u http://misc.bibl.u-szeged.hu/11863/1/mp_1962_001_4419_118-120.pdf  |z Dokumentum-elérés